Geography Quiz

Random Geography or City Quiz

Nonstop from the US to Tokyo Quiz Stats

 Plays Quiz Updated Feb 22, 2013

Challenge
Share
Tweet
Embed
Score 0/19 Timer 03:00
8 Plays Today
Mileage City % Correct
5451Los Angeles
96.9%
6745New York - JFK
96.7%
6274Chicago - ORD
90.8%
5124San Francisco
90%
4769Seattle
89.1%
6427Dallas - DFW
86.6%
3819Honolulu
79.7%
6643Houston - IAH
79.7%
6850Atlanta
79.6%
6753Washington - IAD
78.5%
Mileage City % Correct
6702Boston
78.5%
5576San Diego
77.4%
5792Denver
71.1%
4822Portland
70.9%
6397Detroit
63.6%
6732Newark
57.4%
5950Minneapolis - MSP
51.4%
5173San Jose
46.8%
1558Guam
43.7%

You're not logged in!

Compare scores with friends on all Sporcle quizzes.
OR
Log In

You Might Also Like...

Show Comments

Extras

Top Quizzes Today


Score Distribution

Your Account Isn't Verified!

In order to create a playlist on Sporcle, you need to verify the email address you used during registration. Go to your Sporcle Settings to finish the process.

Report this User

Report this user for behavior that violates our Community Guidelines.

Details: